| 000 | 00587nam a2200217Ia 4500 | ||
|---|---|---|---|
| 005 | 20260429111942.0 | ||
| 008 | 260429s9999||||xx |||||||||||||| ||und|| | ||
| 020 | _a9789352138326 | ||
| 041 | _aEnglish | ||
| 082 |
_a005.7 _bGRU |
||
| 100 | _aGrus, Joel | ||
| 245 | 0 |
_aData science from scratch : _bfirst principles with python / _cJoel Grus |
|
| 250 | _a2nd ed. | ||
| 260 |
_aNavi Mumbai : _bShroff Publishers, _c2024. |
||
| 300 | _axvii, 384 p.; pbk | ||
| 650 | _a Computer data | ||
| 650 | _a Data science | ||
| 650 | _a Python | ||
| 650 | _aComputer science | ||
| 942 | _cTB | ||
| 999 |
_c51588 _d51588 |
||